00698 2200241 4500001002100000005001500021035002000036007000300056008004100059082001800100084002400118100002200142245007800164250001000242260008900252300003300341650002800374990001000402990001100412990001100423990001100434990001100445INLIS00000000000784420210414091706 a0010-0321001214ta210414 b | ind  aR.398.209 598 aR.398.209 598 MOC k0 aMOCHTAR, Adjemain1 aKumpulan Legenda Cerita Rakyat Kabupaten Bangka Barat /cMochtar Adjemain acet.1 aMuntok :bDinas Perhubungan Kebudayaan dan Pariwisata Kabupaten Bangka Barat,c[s.a] av, 58 hlm :bilus. ;c21 cm. 4aCERITA RAKYAT INDONESIA a4048a a4048 a a8113 a a4048 a a8113 a